000 00898nam a2200241 a 4500
001 000004910
005 20200929151530.0
008 990120s2000 sp a 000 j spa
020 _a847808326X
040 _aDO-SdBNP
_bspa
_cBNPHU
041 1 7 _aspa
_heng
_2Código de idioma MARC
082 _a813.54
_bT689h
100 1 _aTorregrossa, Richard
_914198
240 1 4 _aThe man who couldn't see himself.
_lEspañol
245 1 3 _aEl hombre que no podía verse a sí mismo :
_buna historia de amor /
_cRichard Torregrossa ; traducción, Celestial Connectionl, inc.
260 _aBarcelona :
_bSirio,,
_c2000.
300 _a123 p. :
_bil. ;
_c21 cm.
534 _aTítulo original:
_tThe man who couldn't see himself
650 4 _aCuento estadounidense
_914199
650 4 _aLiteratura estadounidense
_9263
710 1 _aCelestial Connectionl, inc.,
_etr.
_914200
910 _aCatalogación original noche
999 _c4716
_d4716